| 000 | 00686nam a22002657a 4500 | ||
|---|---|---|---|
| 001 | 0000900 | ||
| 003 | KOHA_MİRAKIL | ||
| 005 | 20260207001223.0 | ||
| 007 | ta | ||
| 008 | 081212b2003 tu |||grd|||#0|||0|tur | | ||
| 020 |
_a9754710821 _cYTL26,435 |
||
| 040 |
_aTR-BiSEU _btur _cTR-BiSEU _erda |
||
| 041 | 0 | _atur | |
| 044 | _ctu | ||
| 050 |
_aTP983 _b.K69 2003 |
||
| 245 | 0 | _aKozmetik terimleri sözlüğü. | |
| 264 | 1 |
_aİstanbul : _bFono Yayınları _c2003 |
|
| 300 | _a336 sayfa | ||
| 336 |
_ametin _btxt _2rdacontent |
||
| 337 |
_aaracısız _bn _2rdamedia |
||
| 338 |
_acilt _bnc _2rdacarrier |
||
| 650 | 0 |
_aKozmetik--Sözlükler. _93475 |
|
| 907 | _aSözlük | ||
| 942 |
_2lcc _cBK |
||
| 999 |
_c895 _d895 |
||